| 000 | 00600nam a2200193Ia 4500 | ||
|---|---|---|---|
| 003 | GCL | ||
| 008 | 140319s9999 xx 000 0 ara d | ||
| 040 |
_aGCL / _cGCL |
||
| 082 | 0 | 4 |
_a371.102 _bا م |
| 100 | 1 | _aامام مختار حميده | |
| 245 | 1 | 0 |
_aمهارات التدريس / _cامام مختار حميده |
| 700 | 1 | _aاحمد النجدى | |
| 260 |
_aالقاهرة : _bمكتبة زهراء الشرق |
||
| 300 |
_a265 ص ؛ _c24 سم |
||
| 650 | 0 | 4 | _aالتدريس |
| 650 | 0 | 4 | _aالوسائل التعليمية |
| 650 | 0 | 4 | _aالمدرسون - تدريب |
| 942 |
_2ddc _cBK |
||
| 999 |
_c2250 _d2250 |
||